| 000 | 00809nas a2200277 4500 | ||
|---|---|---|---|
| 001 | BR2010000186 | ||
| 003 | BR-BrBNA | ||
| 005 | 20231205113819.0 | ||
| 007 | ta | ||
| 008 | 230509b bl.|||p| |||| 00| 00por d | ||
| 040 |
_aBR-BrBNA _bpor _cBiblioteca Nacional de Agricultura |
||
| 041 | _a(Pt) | ||
| 072 | _aP34 | ||
| 100 | 1 | _aXavier, G.R. | |
| 100 | 1 | _aMartins, L.M. | |
| 100 | 1 | _aRumjanek, N.G. | |
| 100 | 1 | _aNeves, M.C.P. | |
| 245 | 1 | _aTolerância de rizóbio de feijão-caupi à salinidade e à temperatura em condição in vitro | |
| 650 | _aFEIJÃO DE CORDA | ||
| 650 | _aRIZÓBIO | ||
| 650 | _aSALINIDADE | ||
| 650 | _aESTIRPE | ||
| 773 | 0 |
_tCaatinga (Brazil) _xISSN 0100-316X _g(2007), v. 20(4) p. 1-9 _wBR2010000186 |
|
| 909 |
_a202311 _bLúcia _c55 _dLúcia Elande |
||
| 942 |
_2AGRIS _n0 _cANA |
||
| 999 |
_c205759 _d205759 |
||